Maintenance engineering and management (Industrial maintenance management) (Record no. 11775)

000 -LEADER
fixed length control field 00496nam a22001577a 4500
008 - FIXED-LENGTH DATA ELEMENTS--GENERAL INFORMATION
fixed length control field 210102b ||||| |||| 00| 0 eng d
020 ## - INTERNATIONAL STANDARD BOOK NUMBER
International Standard Book Number 9788121926447
082 ## - DEWEY DECIMAL CLASSIFICATION NUMBER
Classification number 658.202
Item number SRI
100 ## - MAIN ENTRY--PERSONAL NAME
Personal name Srivastava, Sushil Kumar
245 ## - TITLE STATEMENT
Title Maintenance engineering and management (Industrial maintenance management)
260 ## - PUBLICATION, DISTRIBUTION, ETC. (IMPRINT)
Place of publication, distribution, etc New Delhi
Name of publisher, distributor, etc S. chand and company pvt. ltd.
Date of publication, distribution, etc 2013
300 ## - PHYSICAL DESCRIPTION
Extent xvi, 302p.
Other physical details Pbc
650 ## - SUBJECT ADDED ENTRY--TOPICAL TERM
Topical term or geographic name as entry element Total productive maintenance
650 ## - SUBJECT ADDED ENTRY--TOPICAL TERM
Topical term or geographic name as entry element Condition monitoring
942 ## - ADDED ENTRY ELEMENTS (KOHA)
Item type Books
Holdings
Withdrawn status Lost status Source of classification or shelving scheme Damaged status Not for loan Collection code Permanent location Current location Shelving location Date acquired Full call number Barcode Date last seen Koha item type Public note
          Non-fiction IMU-MPC Library IMU-MPC Library General Stacks 2021-01-02 658.202 SRI MPCG0338 2025-03-17 Books Column-61
Copyright © 2021 Indian Maritime University, Mumbai Port Campus. All Rights Reserved. Managed & Maintained by Central Library, IMU-Mumbai

webs counters

Powered by Koha